|
|
|
|
| LEADER |
00726nam a22001931 4500 |
| 001 |
c000195095 |
| 003 |
CARM |
| 005 |
20021125001700.0 |
| 008 |
851003s1946 ii 0 eng d |
| 019 |
1 |
|
|a 3967839
|5 LACONCORD2021
|
| 035 |
|
|
|a (OCoLC)216899812
|5 LACONCORD2021
|
| 100 |
1 |
|
|a Seth, Hira Lal.
|
| 245 |
1 |
4 |
|a The red star of the East :
|b a biographical study of Jawaharlal Nehru.
|
| 260 |
|
|
|a Lahore :
|b Hero Pubs.,
|c 1946.
|
| 600 |
1 |
0 |
|a Nehru, Jawaharlal,
|d 1889-1964.
|
| 852 |
8 |
|
|b CARM
|h A2:AL07A0
|i A03190
|p 0291304
|f BK
|
| 082 |
0 |
4 |
|a 954.035
|
| 999 |
f |
f |
|i 2ed9957a-ea98-579d-8ae1-5321aa60e4a4
|s ca1c72ff-6154-556c-9858-26a9e6ade944
|
| 952 |
f |
f |
|p Can circulate
|a CAVAL
|b CAVAL
|c CAVAL
|d CARM 1 Store
|e A03190
|f A2:AL07A0
|h Other scheme
|i book
|m 0291304
|